| 000 | 00759nam a22002177a 4500 | ||
|---|---|---|---|
| 005 | 20241106084816.0 | ||
| 008 | 241106b |||||||| |||| 00| 0 eng d | ||
| 020 | _a9781292018195 | ||
| 050 |
_aQA76.73 _b.J38 D45345 |
||
| 100 | _aDeitel, Paul | ||
| 245 |
_aJava How to Program/ _bearly objects _cPaul Deitel & Harvey Deitel, Sherif G. Aly & Saleh Al-Hazbi(global edition contributors) |
||
| 250 |
_a10th Ed. _bGlobal Edition |
||
| 260 |
_aEngland _bPearson Education Limited _c2015 |
||
| 300 |
_a1240pages. _bill. some color _c23cm |
||
| 500 | _aIncludes index | ||
| 650 | _2Java | ||
| 700 | _aDeitel, Harvey | ||
| 700 | _aAly, Sherif G.(global edition contributor) | ||
| 700 | _aAl-Hazbi, Saleh(global edition contributor) | ||
| 942 |
_2lcc _cBK _e10th Ed. _n0 |
||
| 999 |
_c668 _d668 |
||